000 00721nam a2200253Ia 4500
001 32057
005 20240114001551.0
007 ta
008 060818s1931 a g b000 u 465 u
040 _aCotton College Assam
041 _a465
082 _a294.39
_bM 896 In
100 _aMukherji, Probhat K .
245 0 _aIndian Literature in China and the Far East /
_cProbhat K.Mukherji.
_hTextual Documents
250 _a1st ed. /
260 _aCalcutta :
_bGreater Indian Society ,
_c1931.
300 _a333p. :
_bill ;
_c22cm .
653 _aReligious Literature-Buddhism
653 _aIndian Literature-China
653 _aG-Religion
942 _2ddc
_cBK
999 _c32039
_d32039